Statistics for Top 50 Retailers (Based on $)

Click here to take the quiz!

General Stats

  • This quiz has been taken 101 times
    (45 since last reset)
  • The average score is 14 of 50

Answer Stats

# Store % Correct
1Wal-Mart
97%
3Target
85%
12Sears
62%
16Macy's
59%
11McDonald's
59%
23J.C. Penney
59%
5Costco
56%
6Home Depot
51%
2Kroger
51%
45Burger King
51%
4Walgreens
46%
8Lowe's
46%
9Best Buy
46%
20Kohl's
41%
21Apple
41%
15Amazon
41%
49Starbucks
41%
7CVS Pharmacy
41%
41Wendy's
38%
32Subway
36%
10Safeway
33%
46Toys "R" Us
31%
34Nordstrom
31%
31Gap
28%
22T. J. Maxx
28%
357-Eleven
26%
39Bed Bath & Beyond
21%
37Whole Foods Market
21%
17Rite Aid
21%
38Ace Hardware
18%
14Publix
18%
42Ross Stores
13%
33Verizon Wireless
13%
36Staples
13%
40Aldi
13%
48Menard's
10%
28Dollar General
8%
27Meijer
8%
30BJ's Wholesale Club
5%
18Ahold
5%
44Family Dollar
3%
26H-E-B
3%
29Wakefern Food Corporation
3%
25Yum! Brands
3%
24True Value
3%
19Delhaize
3%
43Limited Brands
0%
47Army Air Force Exchange
0%
13Super Valu
0%
50Darden Restaurants
0%

Score Distribution

Percentile by Number Answered

Percent of People with Each Score

Your Score History

You have not taken this quiz since the last reset